<?xml version="1.0" encoding="UTF-8"?>
<record
    xmlns:xsi="http://www.w3.org/2001/XMLSchema-instance"
    xsi:schemaLocation="http://www.loc.gov/MARC21/slim http://www.loc.gov/standards/marcxml/schema/MARC21slim.xsd"
    xmlns="http://www.loc.gov/MARC21/slim">

  <leader>00443    a2200145   4500</leader>
  <controlfield tag="005">20250618171611.0</controlfield>
  <datafield tag="020" ind1=" " ind2=" ">
    <subfield code="a">0-07-284596-1</subfield>
  </datafield>
  <datafield tag="082" ind1=" " ind2=" ">
    <subfield code="a">302 ROG</subfield>
  </datafield>
  <datafield tag="100" ind1=" " ind2=" ">
    <subfield code="a">ROGERS, A.T.</subfield>
  </datafield>
  <datafield tag="245" ind1=" " ind2=" ">
    <subfield code="a">Human Behavior in the Social Environment.</subfield>
  </datafield>
  <datafield tag="260" ind1=" " ind2=" ">
    <subfield code="a">New York,</subfield>
    <subfield code="b">Mc Graw-Hill,</subfield>
    <subfield code="c">2006.</subfield>
  </datafield>
  <datafield tag="300" ind1=" " ind2=" ">
    <subfield code="a">xxxi, 346p.: ill.; picture, table.</subfield>
    <subfield code="b">Bibliography &amp; Index</subfield>
    <subfield code="c">24cm.</subfield>
  </datafield>
  <datafield tag="856" ind1=" " ind2=" ">
    <subfield code="y">Access online book</subfield>
    <subfield code="f">Social Environment</subfield>
    <subfield code="d">www.mhhe.com</subfield>
  </datafield>
  <datafield tag="942" ind1=" " ind2=" ">
    <subfield code="2">ddc</subfield>
    <subfield code="c">BKS</subfield>
  </datafield>
  <datafield tag="999" ind1=" " ind2=" ">
    <subfield code="c">234</subfield>
    <subfield code="d">234</subfield>
  </datafield>
  <datafield tag="952" ind1=" " ind2=" ">
    <subfield code="r">2025-03-10 09:03:48</subfield>
    <subfield code="l">0</subfield>
    <subfield code="o">302 ROG</subfield>
    <subfield code="p">000000606</subfield>
    <subfield code="v">105000.00</subfield>
    <subfield code="w">2025-03-10</subfield>
    <subfield code="y">BKS</subfield>
    <subfield code="1">0</subfield>
    <subfield code="2">ddc</subfield>
    <subfield code="4">0</subfield>
    <subfield code="7">0</subfield>
    <subfield code="0">0</subfield>
    <subfield code="a">CBEML</subfield>
    <subfield code="b">CBEML</subfield>
    <subfield code="c">GEN</subfield>
    <subfield code="d">2025-03-10</subfield>
    <subfield code="g">35000.00</subfield>
  </datafield>
  <datafield tag="952" ind1=" " ind2=" ">
    <subfield code="r">2025-03-10 09:03:48</subfield>
    <subfield code="l">0</subfield>
    <subfield code="o">302 ROG</subfield>
    <subfield code="p">000000607</subfield>
    <subfield code="v">105000.00</subfield>
    <subfield code="w">2025-03-10</subfield>
    <subfield code="y">BKS</subfield>
    <subfield code="1">0</subfield>
    <subfield code="2">ddc</subfield>
    <subfield code="4">0</subfield>
    <subfield code="7">0</subfield>
    <subfield code="0">0</subfield>
    <subfield code="a">CBEML</subfield>
    <subfield code="b">CBEML</subfield>
    <subfield code="c">GEN</subfield>
    <subfield code="d">2025-03-10</subfield>
    <subfield code="g">35000.00</subfield>
  </datafield>
  <datafield tag="952" ind1=" " ind2=" ">
    <subfield code="r">2025-03-10 09:03:48</subfield>
    <subfield code="l">0</subfield>
    <subfield code="o">LECT 302 ROG</subfield>
    <subfield code="p">000000608</subfield>
    <subfield code="v">105000.00</subfield>
    <subfield code="w">2025-03-10</subfield>
    <subfield code="y">BKS</subfield>
    <subfield code="1">0</subfield>
    <subfield code="2">ddc</subfield>
    <subfield code="4">0</subfield>
    <subfield code="7">0</subfield>
    <subfield code="0">0</subfield>
    <subfield code="a">CBEML</subfield>
    <subfield code="b">CBEML</subfield>
    <subfield code="c">GEN</subfield>
    <subfield code="d">2016-12-08</subfield>
    <subfield code="g">35000.00</subfield>
  </datafield>
  <datafield tag="952" ind1=" " ind2=" ">
    <subfield code="r">2025-03-10 09:03:48</subfield>
    <subfield code="l">0</subfield>
    <subfield code="o">302 ROG</subfield>
    <subfield code="p">000000609</subfield>
    <subfield code="v">105000.00</subfield>
    <subfield code="w">2025-03-10</subfield>
    <subfield code="y">BKS</subfield>
    <subfield code="1">0</subfield>
    <subfield code="2">ddc</subfield>
    <subfield code="4">0</subfield>
    <subfield code="7">0</subfield>
    <subfield code="0">0</subfield>
    <subfield code="a">CBEML</subfield>
    <subfield code="b">CBEML</subfield>
    <subfield code="c">GEN</subfield>
    <subfield code="d">2025-03-10</subfield>
    <subfield code="g">35000.00</subfield>
  </datafield>
  <datafield tag="952" ind1=" " ind2=" ">
    <subfield code="r">2025-03-10 09:03:48</subfield>
    <subfield code="l">0</subfield>
    <subfield code="o">302 ROG</subfield>
    <subfield code="p">000000610</subfield>
    <subfield code="v">105000.00</subfield>
    <subfield code="w">2025-03-10</subfield>
    <subfield code="y">BKS</subfield>
    <subfield code="1">0</subfield>
    <subfield code="2">ddc</subfield>
    <subfield code="4">0</subfield>
    <subfield code="7">0</subfield>
    <subfield code="0">0</subfield>
    <subfield code="a">CBEML</subfield>
    <subfield code="b">CBEML</subfield>
    <subfield code="c">GEN</subfield>
    <subfield code="d">2025-03-10</subfield>
    <subfield code="g">35000.00</subfield>
  </datafield>
  <datafield tag="952" ind1=" " ind2=" ">
    <subfield code="r">2025-03-10 09:03:48</subfield>
    <subfield code="l">0</subfield>
    <subfield code="o">302 ROG</subfield>
    <subfield code="p">000000611</subfield>
    <subfield code="v">105000.00</subfield>
    <subfield code="w">2025-03-10</subfield>
    <subfield code="y">BKS</subfield>
    <subfield code="1">0</subfield>
    <subfield code="2">ddc</subfield>
    <subfield code="4">0</subfield>
    <subfield code="7">0</subfield>
    <subfield code="0">0</subfield>
    <subfield code="a">CBEML</subfield>
    <subfield code="b">CBEML</subfield>
    <subfield code="c">GEN</subfield>
    <subfield code="d">2025-03-10</subfield>
    <subfield code="g">35000.00</subfield>
  </datafield>
  <datafield tag="952" ind1=" " ind2=" ">
    <subfield code="r">2025-03-10 09:03:48</subfield>
    <subfield code="l">0</subfield>
    <subfield code="o">302 ROG</subfield>
    <subfield code="p">000000612</subfield>
    <subfield code="v">105000.00</subfield>
    <subfield code="w">2025-03-10</subfield>
    <subfield code="y">BKS</subfield>
    <subfield code="1">0</subfield>
    <subfield code="2">ddc</subfield>
    <subfield code="4">0</subfield>
    <subfield code="7">0</subfield>
    <subfield code="0">0</subfield>
    <subfield code="a">CBEML</subfield>
    <subfield code="b">CBEML</subfield>
    <subfield code="c">GEN</subfield>
    <subfield code="d">2025-03-10</subfield>
    <subfield code="g">35000.00</subfield>
  </datafield>
  <datafield tag="952" ind1=" " ind2=" ">
    <subfield code="r">2025-03-10 09:03:48</subfield>
    <subfield code="l">0</subfield>
    <subfield code="o">302 ROG</subfield>
    <subfield code="p">000000613</subfield>
    <subfield code="v">105000.00</subfield>
    <subfield code="w">2025-03-10</subfield>
    <subfield code="y">BKS</subfield>
    <subfield code="1">0</subfield>
    <subfield code="2">ddc</subfield>
    <subfield code="4">0</subfield>
    <subfield code="7">0</subfield>
    <subfield code="0">0</subfield>
    <subfield code="a">CBEML</subfield>
    <subfield code="b">CBEML</subfield>
    <subfield code="c">GEN</subfield>
    <subfield code="d">2025-03-10</subfield>
    <subfield code="g">35000.00</subfield>
  </datafield>
  <datafield tag="952" ind1=" " ind2=" ">
    <subfield code="r">2025-03-10 09:03:48</subfield>
    <subfield code="l">0</subfield>
    <subfield code="o">302 ROG</subfield>
    <subfield code="p">000000614</subfield>
    <subfield code="v">105000.00</subfield>
    <subfield code="w">2025-03-10</subfield>
    <subfield code="y">BKS</subfield>
    <subfield code="1">0</subfield>
    <subfield code="2">ddc</subfield>
    <subfield code="4">0</subfield>
    <subfield code="7">0</subfield>
    <subfield code="0">0</subfield>
    <subfield code="a">CBEML</subfield>
    <subfield code="b">CBEML</subfield>
    <subfield code="c">GEN</subfield>
    <subfield code="d">2025-03-10</subfield>
    <subfield code="g">35000.00</subfield>
  </datafield>
  <datafield tag="952" ind1=" " ind2=" ">
    <subfield code="r">2025-03-10 09:03:48</subfield>
    <subfield code="l">0</subfield>
    <subfield code="o">302 ROG</subfield>
    <subfield code="p">000000615</subfield>
    <subfield code="v">105000.00</subfield>
    <subfield code="w">2025-03-10</subfield>
    <subfield code="y">BKS</subfield>
    <subfield code="1">0</subfield>
    <subfield code="2">ddc</subfield>
    <subfield code="4">0</subfield>
    <subfield code="7">0</subfield>
    <subfield code="0">0</subfield>
    <subfield code="a">CBEML</subfield>
    <subfield code="b">CBEML</subfield>
    <subfield code="c">GEN</subfield>
    <subfield code="d">2025-03-10</subfield>
    <subfield code="g">35000.00</subfield>
  </datafield>
  <datafield tag="952" ind1=" " ind2=" ">
    <subfield code="r">2025-03-10 09:03:48</subfield>
    <subfield code="l">0</subfield>
    <subfield code="o">302 ROG</subfield>
    <subfield code="p">000000616</subfield>
    <subfield code="v">105000.00</subfield>
    <subfield code="w">2025-03-10</subfield>
    <subfield code="y">BKS</subfield>
    <subfield code="1">0</subfield>
    <subfield code="2">ddc</subfield>
    <subfield code="4">0</subfield>
    <subfield code="7">0</subfield>
    <subfield code="0">0</subfield>
    <subfield code="a">CBEML</subfield>
    <subfield code="b">CBEML</subfield>
    <subfield code="c">GEN</subfield>
    <subfield code="d">2025-03-10</subfield>
    <subfield code="g">35000.00</subfield>
  </datafield>
  <datafield tag="952" ind1=" " ind2=" ">
    <subfield code="r">2025-03-10 09:03:48</subfield>
    <subfield code="l">0</subfield>
    <subfield code="o">302 ROG</subfield>
    <subfield code="p">000000617</subfield>
    <subfield code="v">105000.00</subfield>
    <subfield code="w">2025-03-10</subfield>
    <subfield code="y">BKS</subfield>
    <subfield code="1">0</subfield>
    <subfield code="2">ddc</subfield>
    <subfield code="4">0</subfield>
    <subfield code="7">0</subfield>
    <subfield code="0">0</subfield>
    <subfield code="a">CBEML</subfield>
    <subfield code="b">CBEML</subfield>
    <subfield code="c">GEN</subfield>
    <subfield code="d">2025-03-10</subfield>
    <subfield code="g">35000.00</subfield>
  </datafield>
  <datafield tag="952" ind1=" " ind2=" ">
    <subfield code="r">2025-03-10 09:03:48</subfield>
    <subfield code="l">0</subfield>
    <subfield code="o">302 ROG</subfield>
    <subfield code="p">000000618</subfield>
    <subfield code="v">105000.00</subfield>
    <subfield code="w">2025-03-10</subfield>
    <subfield code="y">BKS</subfield>
    <subfield code="1">0</subfield>
    <subfield code="2">ddc</subfield>
    <subfield code="4">0</subfield>
    <subfield code="7">0</subfield>
    <subfield code="0">0</subfield>
    <subfield code="a">CBEML</subfield>
    <subfield code="b">CBEML</subfield>
    <subfield code="c">GEN</subfield>
    <subfield code="d">2025-03-10</subfield>
    <subfield code="g">35000.00</subfield>
  </datafield>
</record>
